000 00777nam a2200253 a 4500
001 000012064
003 DO-SdBNP
005 20240307185845.0
007 ta
008 091104s1983 dr ac r 000 0 spa d
040 _aDO-SdBNP
_bspa
_cBNPHU
082 4 _a917.293
_bD159s, 1983
_222
100 1 _aDamirón, Rafael,
_d1882-1956
_927287
245 1 0 _aDe Soslayo /
_cRafael Damirón.
250 _a2a. ed.
260 _aSanto Domingo :
_bAlfa & Omega,
_c1983.
300 _a238 p. :
_bil., retr. ;
_c21 cm.
500 _aIncluye índice onomástico
590 _aInventariado, 2020/MFF
651 4 _aRepública Dominicana
_xVida social y costumbres
_9405
651 4 _aRepública Dominicana
_xHistoria
_9170
910 _aValidado. Control de calidad MFF
942 _2ddc
_cLBS1
999 _c11731
_d11731